000
00282nam a2200121Ia 4500
100
_a
Richter J.M.
942
_c
BK
654
_a
Windows 3.1 developers guide
245
_a
Windows 3.1 : A developers guide
260
_b
BPB
_a
New Delhi
_c
1994
546
_a
ENGLISH
999
_c
32346
_d
32346